ბათუმის შოთა რუსთაველის სახელმწიფო უნივერსიტეტის ბიბლიოთეკა

Избранные работы: Проблемы и методы изучения растительного покрова (ბიბ.ჩანაწერი № 45499)

000 -LEADER
fixed length control field 00696nam a2200205Ia 4500
001 - CONTROL NUMBER
control field 12324
003 - CONTROL NUMBER IDENTIFIER
control field GE_BSU
008 - FIXED-LENGTH DATA ELEMENTS--GENERAL INFORMATION
fixed length control field 181216s||||||||xx |||||||||||||| ||und||
040 ## - CATALOGING SOURCE
Transcribing agency GE_BSU
080 ## - UNIVERSAL DECIMAL CLASSIFICATION NUMBER
Universal Decimal Classification number 504.062
100 ## - MAIN ENTRY--PERSONAL NAME
Personal name Раменский,Л.Г.
245 ## - TITLE STATEMENT
Title Избранные работы: Проблемы и методы изучения растительного покрова
260 ## - PUBLICATION, DISTRIBUTION, ETC.
Place of publication, distribution, etc. Ленинград
260 ## - PUBLICATION, DISTRIBUTION, ETC.
Name of publisher, distributor, etc. Наука
260 ## - PUBLICATION, DISTRIBUTION, ETC.
Date of publication, distribution, etc. 1971
300 ## - PHYSICAL DESCRIPTION
Extent 233стр.27см.
300 ## - PHYSICAL DESCRIPTION
Dimensions Библиогр.с.328-331
653 ## - INDEX TERM--UNCONTROLLED
Uncontrolled term Избранные работы: Проблемы и методы изучения растительного покрова
942 ## - ADDED ENTRY ELEMENTS (KOHA)
Koha item type წიგნი
ეგზემპლარები
Withdrawn status Lost status Damaged status Not for loan Date acquired Barcode Date last seen Price effective from Koha item type
        2018-12-17 20502 2018-12-17 2018-12-17 წიგნი